Smart cement : (Record no. 588078)

000 -LEADER
fixed length control field 01780cam a22004338i 4500
001 - CONTROL NUMBER
control field 21882734
003 - CONTROL NUMBER IDENTIFIER
control field NUST
005 - DATE AND TIME OF LATEST TRANSACTION
control field 20220221154536.0
008 - FIXED-LENGTH DATA ELEMENTS--GENERAL INFORMATION
fixed length control field 210128s2021 flu b 001 0 eng
010 ## - LIBRARY OF CONGRESS CONTROL NUMBER
LC control number 2021004199
020 ## - INTERNATIONAL STANDARD BOOK NUMBER
International Standard Book Number 9780367278373
Qualifying information (hbk)
020 ## - INTERNATIONAL STANDARD BOOK NUMBER
International Standard Book Number 9781032039695
Qualifying information (pbk)
020 ## - INTERNATIONAL STANDARD BOOK NUMBER
Canceled/invalid ISBN 9780429298172
Qualifying information (ebk)
038 ## - RECORD CONTENT LICENSOR
Staff Name NUST
040 ## - CATALOGING SOURCE
Original cataloging agency DLC
Language of cataloging eng
Description conventions rda
Transcribing agency DLC
042 ## - AUTHENTICATION CODE
Authentication code pcc
050 00 - LIBRARY OF CONGRESS CALL NUMBER
Classification number TA434
Item number .V57 2021
082 00 - DEWEY DECIMAL CLASSIFICATION NUMBER
Classification number 624.1/833
Edition number 23
Author Mark VIP
100 1# - MAIN ENTRY--PERSONAL NAME
Personal name Vipulanandan, Cumaraswamy,
Dates associated with a name 1956-
Relator term author.
9 (RLIN) 89289
245 10 - TITLE STATEMENT
Title Smart cement :
Remainder of title development, testing, modeling and real-time monitoring /
Statement of responsibility, etc. Cumaraswamy Vipulanandan.
250 ## - EDITION STATEMENT
Edition statement First edition.
263 ## - PROJECTED PUBLICATION DATE
Projected publication date 2110
264 #1 - PRODUCTION, PUBLICATION, DISTRIBUTION, MANUFACTURE, AND COPYRIGHT NOTICE
Place of production, publication, distribution, manufacture Boca Raton, FL :
Name of producer, publisher, distributor, manufacturer CRC Press,
Date of production, publication, distribution, manufacture, or copyright notice 2021.
300 ## - PHYSICAL DESCRIPTION
Extent pages cm
336 ## - CONTENT TYPE
Content type term text
Content type code txt
Source rdacontent
337 ## - MEDIA TYPE
Media type term unmediated
Media type code n
Source rdamedia
338 ## - CARRIER TYPE
Carrier type term volume
Carrier type code nc
Source rdacarrier
504 ## - BIBLIOGRAPHY, ETC. NOTE
Bibliography, etc. note Includes bibliographical references and index.
520 ## - SUMMARY, ETC.
Summary, etc. "Smart cement is a chemo-thermo-piezoresistive material that functions as a highly sensing 3-dimensional bulk sensor. It can be used for monitoring changes oflectrical resistivity in concrete by the addition of 0.03% of selected conductive or semi-conductive fibers are added to the bulk cement"--
Assigning source Provided by publisher.
563 ## - BINDING INFORMATION
Binding note H.B
650 #0 - SUBJECT ADDED ENTRY--TOPICAL TERM
Topical term or geographic name entry element Cement.
9 (RLIN) 89290
650 #0 - SUBJECT ADDED ENTRY--TOPICAL TERM
Topical term or geographic name entry element Concrete
General subdivision Additives.
9 (RLIN) 89291
650 #0 - SUBJECT ADDED ENTRY--TOPICAL TERM
Topical term or geographic name entry element Concrete
General subdivision Testing.
9 (RLIN) 89292
650 #0 - SUBJECT ADDED ENTRY--TOPICAL TERM
Topical term or geographic name entry element Smart materials.
9 (RLIN) 89293
776 08 - ADDITIONAL PHYSICAL FORM ENTRY
Relationship information Online version:
Main entry heading Vipulanandan, Cumaraswamy.
Title Smart cement
Edition First edition
Place, publisher, and date of publication Boca Raton, FL : CRC Press, 2021
International Standard Book Number 9780429298172
Record control number (DLC) 2021004200
906 ## - LOCAL DATA ELEMENT F, LDF (RLIN)
a 7
b cbc
c orignew
d 1
e ecip
f 20
g y-gencatlg
942 ## - ADDED ENTRY ELEMENTS (KOHA)
Source of classification or shelving scheme
Koha item type Book
Holdings
Withdrawn status Lost status Source of classification or shelving scheme Damaged status Not for loan Permanent Location Current Location Date acquired Total Checkouts Full call number Barcode Date last seen Price effective from Koha item type
          School of Civil and Environmental Engineering (SCEE) School of Civil and Environmental Engineering (SCEE) 02/21/2022   624.1/833 VIP NIT-13524 02/21/2022 02/21/2022 Book
© 2023 Central Library, National University of Sciences and Technology. All Rights Reserved.